• 首页
  • 本馆介绍
  • 公告通知
  • 最新文献
  • 馆藏检索
  • 电子资源
  • 读者导购
  • 参考咨询
  • 我的图书馆
  • 登录
  • 详细信息显示
  • 放入我的书架
  • 预约/预借图书
  • 作者相关作品
  • 分类相关作品
  • 丛书相关作品
  • 出版社相关作品

书目信息

  • 表格格式
  • 工作单格式
  • 卡片格式
题名:
书香税务
    
 
作者: 陈秀香 主编 ;滨州职业学院 , 国家税务局总局 编
分册:   民主篇
出版信息: 北京   北京教育出版社  2020
页数: 180页
开本: 21cm
丛书名: 《书香税务》系列文化丛书
单 册:
中图分类: K295.23
科图分类:
主题词: 文化史--滨州
电子资源:
ISBN: 978-7-5704-2014-8
000 00952nam0 2200265 450
001 0105095707
005 20210207102519.0
010    @a978-7-5704-2014-8@dCNY35.00
100    @a20200710d2020 em y0chiy0120 ea
101 0  @achi
102    @aCN@b110000
105    @aa z 000yy
106    @ar
200 1  @a书香税务@9Shu Xiang Shui Wu @i民主篇@f滨州职业学院,国家税务局总局滨州市税务局编@b专著
210    @a北京@c北京教育出版社@d2020
215    @a180页@c彩图@d21cm
225 1  @a《书香税务》系列文化丛书
330    @a本书分为探本溯源、经典赏读、岁月留金、人文滨州、税史溯源五部分,主要内容包括:民主、感事、婴儿、权威等。
606 0  @a文化史@y滨州
690    @aK295.23@v5
701  0 @a陈秀香@c(女,@f1967.9~)@4主编@9chen xiu xiang
712 02 @a滨州职业学院@4编@9bin zhou zhi ye xue yuan
712 02 @a国家税务局总局@b滨州市税务局@4编@9guo jia shui wu ju zong ju
801  0 @aCN@bAZmarc@c20230907
905    @aBZT@dK295.23@e14@f13@sK295.23/14
    
    书香税务.民主篇/滨州职业学院,国家税务局总局滨州市税务局编.-北京:北京教育出版社,2020
    180页:彩图;21cm.-(《书香税务》系列文化丛书)
    
    
    ISBN 978-7-5704-2014-8:CNY35.00
    本书分为探本溯源、经典赏读、岁月留金、人文滨州、税史溯源五部分,主要内容包括:民主、感事、婴儿、权威等。
●
相关链接 在五车中查询图书 在当当中查询图书 在豆瓣中查询图书


正题名:书香税务     索取号:K295.23/14         预约/预借

序号 登录号 条形码 馆藏地/架位号 状态 备注
1 2000026814   2000026814   旧书回溯/ [索取号:K295.23/14] 在馆    
2 2000026815   2000026815   旧书回溯/ [索取号:K295.23/14] 在馆    
3 2000026956   2000026956   旧书回溯/ [索取号:K295.23/14] 在馆    
4 2000031512   2000031512   旧书回溯/ [索取号:K295.23/14] 在馆    
5 2000031586   2000031586   旧书回溯/ [索取号:K295.23/14] 在馆    
6 2000031587   2000031587   旧书回溯/ [索取号:K295.23/14] 在馆    
7 2000031588   2000031588   旧书回溯/ [索取号:K295.23/14] 在馆    
8 2000031589   2000031589   旧书回溯/ [索取号:K295.23/14] 在馆    
9 2000031590   2000031590   旧书回溯/ [索取号:K295.23/14] 在馆    
10 2000031595   2000031595   旧书回溯/ [索取号:K295.23/14] 在馆    
11 2000031684   2000031684   旧书回溯/ [索取号:K295.23/14] 在馆    
12 2000031690   2000031690   旧书回溯/ [索取号:K295.23/14] 在馆    
13 2000031703   2000031703   旧书回溯/ [索取号:K295.23/14] 在馆    
山东省滨州职业学院图书馆 欢迎您!
大连网信软件有限公司© 版权所有